Η Γερμανική εξωτερική πολιτική μετά την επανένωση

Saved in:
Bibliographic Details
Main Author: Ηλιόπουλος, Ηλίας Ι.
Corporate Author: Ελληνικό Κέντρο Ευρωπαϊκών Μελετών
Format: Book
Language:Greek
Published: [Αθήνα] : Ελληνικό Κέντρο Ευρωπαϊκών Μελετών (ΕΚΕΜ), 2006.
Series:Ελληνικό Κέντρο Ευρωπαϊκών Μελετών (Εκδόσεις ΕΚΕΜ) ; κείμενο εργασίας 6
Subjects:
Tags: Add Tag
No Tags, Be the first to tag this record!

MARC

LEADER 00000cam a2200000 i 4500
001 1/42819
008 070327s2006 gr | ||| |||| ||gre||
020 |a 9607849094 
035 |l 10087446 
040 |a GR-MY-UA  |b gre  |e aacr 
041 0 |a gre 
082 7 |a 943.0862   |2 (22) 
100 1 |a Ηλιόπουλος, Ηλίας Ι. . 
245 1 2 |a Η Γερμανική εξωτερική πολιτική μετά την επανένωση /   |c Ηλίας Ηλιόπουλος. 
260 |a [Αθήνα] :   |b Ελληνικό Κέντρο Ευρωπαϊκών Μελετών (ΕΚΕΜ),   |c 2006. 
300 |a 62 σ. ;   |c 23 εκ. 
490 1 |a (Ελληνικό Κέντρο Ευρωπαϊκών Μελετών (Εκδόσεις ΕΚΕΜ)  |v  ; κείμενο εργασίας 6) 
504 |a Βιβλιογραφία: σ. 54-58 
610 2 0 |a North Atlantic Treaty Organization. 
651 0 |a Germany  |x Foreign relations  |y 1933-1945. 
651 0 |a Germany  |x Politics and government  |y 1933-1945. 
651 0 |a France  |x Foreign relations  |y 1914-1940. 
710 2 |a Ελληνικό Κέντρο Ευρωπαϊκών Μελετών. 
830 0 |a Ελληνικό Κέντρο Ευρωπαϊκών Μελετών (Εκδόσεις ΕΚΕΜ)  |v  ; κείμενο εργασίας 6 
852 |a INST  |b RHODES  |e 20070509  |h 943.0862 ΗΛΙ  |p 005400026609  |q 005400026609  |t BK  |y 0 
852 |a INST  |b RHODES  |e 20070327  |h 943.0862 ΗΛΙ  |p 005400026809  |q 005400026809  |t BK  |y 0 
852 |a INST  |b RHODES  |e 20081111  |h 943.0862 ΗΛΙ  |p 005400031356  |q 005400031356  |t BK  |y 0 
901 |a BIBL4-2007-3 
909 |a Ρ  |b 127735 
909 |a Ρ  |b 127894 
909 |a Ρ  |b 153629 
970 |a ΜΙΣΣΟΣ  |b ΣΤΑΥΡΟΣ  |z 2007/03/27